[Event "4NCL Division 2b"]
[Site "Daventry, ENG"]
[Date "2019.01.13"]
[Round "4.78"]
[White "Jaufarally, Nadia"]
[Black "Murphy, Hugh W"]
[Result "0-1"]
[WhiteElo "1960"]
[BlackElo "2126"]
[PlyCount "68"]
[EventDate "2019.01.13"]
[WhiteTeam "Wessex A"]
[BlackTeam "Grantham Sharks 2"]

1. e4 c6 2. d4 d5 3. exd5 cxd5 4. Bd3 Nf6 5. c3 Qc7 6. Ne2 Bg4 7. f3 Bh5 8. Bf4
Qd7 9. Na3 Nc6 10. O-O e6 11. Qd2 Bg6 12. Ng3 Be7 13. Rae1 O-O 14. Nc2 Na5 15.
Ne3 b5 16. a3 Rfc8 17. Qe2 Bxd3 18. Qxd3 Nc4 19. Nxc4 Rxc4 20. Bd2 a5 21. Qe2
b4 22. axb4 axb4 23. Ra1 Rcc8 24. f4 g6 25. Ra6 Qb7 26. Rfa1 bxc3 27. bxc3 Bf8
28. h3 h5 29. Rxa8 Rxa8 30. Rxa8 Qxa8 31. Nh1 Ne4 32. Nf2 Ng3 33. Qe1 Qa2 34.
Kh2 Qxd2 0-1

[Event "4NCL Division 2b"]
[Site "Daventry, ENG"]
[Date "2019.01.13"]
[Round "4.81"]
[White "Jones, Steven A"]
[Black "Bisby, Daniel L"]
[Result "0-1"]
[WhiteElo "2142"]
[BlackElo "2334"]
[PlyCount "44"]
[EventDate "2019.01.13"]
[WhiteTeam "West is Best 2"]
[BlackTeam "Cambridge University 1"]

1. d4 Nf6 2. Nf3 g6 3. Nc3 d5 4. Bf4 Bg7 5. e3 O-O 6. Be2 c5 7. Ne5 Nc6 8. O-O
cxd4 9. exd4 Qb6 10. Nxc6 Qxc6 11. Re1 Be6 12. Be5 Rac8 13. Bb5 Qb6 14. a4 Ne4
15. Nxe4 Bxe5 16. dxe5 dxe4 17. Rxe4 Rfd8 18. Qb1 Rd2 19. Re2 Rcd8 20. Re3 Bg4
21. Bf1 Rxf2 22. Raa3 Rxf1+ 0-1

[Event "4NCL Division 2b"]
[Site "Daventry, ENG"]
[Date "2019.01.13"]
[Round "4.82"]
[White "Hill, Alistair"]
[Black "Redmond, John P"]
[Result "1/2-1/2"]
[WhiteElo "2179"]
[BlackElo "2185"]
[PlyCount "75"]
[EventDate "2019.01.13"]
[WhiteTeam "Cambridge University 1"]
[BlackTeam "West is Best 2"]

1. e4 e6 2. d4 d5 3. Nd2 Be7 4. Bd3 c5 5. e5 Nc6 6. c3 cxd4 7. cxd4 Nh6 8. Ndf3
Nf5 9. Ne2 Qb6 10. O-O Bd7 11. Bxf5 exf5 12. Bg5 Bxg5 13. Nxg5 h6 14. Nh3 O-O
15. Nhf4 Be6 16. Qd3 Rac8 17. Rfd1 Qd8 18. Rac1 Qd7 19. Qa3 Qe7 20. Qf3 Qd7 21.
Nc3 Ne7 22. Qg3 Kh8 23. b3 g5 24. Nh5 f4 25. Qd3 Ng8 26. f3 Bf5 27. Qd2 Bg6 28.
Nf6 Nxf6 29. exf6 Rc6 30. Re1 Rfc8 31. Na4 Rxc1 32. Rxc1 Rxc1+ 33. Qxc1 Qe6 34.
Nc5 Qxf6 35. Qd2 b6 36. Nd7 Qf5 37. Ne5 f6 38. Nc6 1/2-1/2

[Event "4NCL Division 2b"]
[Site "Daventry, ENG"]
[Date "2019.01.13"]
[Round "4.83"]
[White "Zeidler, Sven P"]
[Black "McClement, Andrew"]
[Result "0-1"]
[WhiteElo "2168"]
[BlackElo "2209"]
[PlyCount "114"]
[EventDate "2019.01.13"]
[WhiteTeam "West is Best 2"]
[BlackTeam "Cambridge University 1"]

1. e4 c5 2. Nc3 Nc6 3. f4 g6 4. Nf3 Bg7 5. Bb5 Nd4 6. O-O Nxb5 7. Nxb5 d5 8. e5
a6 9. Nc3 d4 10. Ne4 Qd5 11. Qe2 Nh6 12. c4 dxc3 13. dxc3 O-O 14. c4 Qc6 15. b3
b6 16. Bb2 Bb7 17. Nc3 e6 18. Rad1 Rfd8 19. Rxd8+ Rxd8 20. Rd1 Rxd1+ 21. Qxd1
Nf5 22. Qd8+ Bf8 23. Na4 Qe4 24. Qd2 Qb1+ 25. Bc1 Bxf3 26. gxf3 Nd4 27. Kg2 Bh6
28. Nc3 Qa1 29. Ne4 Kg7 30. b4 cxb4 31. Bb2 Qxa2 32. Bxd4 Qxd2+ 33. Nxd2 Bxf4
34. Nb3 a5 35. c5 bxc5 36. Nxc5 Kh6 37. Nd3 Kg5 38. Bb6 b3 39. Bxa5 Bxe5 40.
Bd2+ Kf5 41. Bc1 g5 42. h3 h5 43. Kf2 Bd4+ 44. Kg3 h4+ 45. Kg2 e5 46. Kf1 e4
47. fxe4+ Kxe4 48. Ke2 f6 49. Ba3 f5 50. Be7 g4 51. Bxh4 gxh3 52. Bg3 b2 53.
Nxb2 Bxb2 54. Kf1 Kf3 55. Bd6 Bd4 56. Bh2 f4 57. Ke1 Bf2+ 0-1

[Event "4NCL Division 2b"]
[Site "Daventry, ENG"]
[Date "2019.01.13"]
[Round "4.84"]
[White "Robertson, J Stuart"]
[Black "Taylor, William J"]
[Result "1-0"]
[WhiteElo "2110"]
[BlackElo "2096"]
[PlyCount "81"]
[EventDate "2019.01.13"]
[WhiteTeam "Cambridge University 1"]
[BlackTeam "West is Best 2"]

1. d4 Nf6 2. c4 g6 3. Nc3 Bg7 4. e4 d6 5. f3 O-O 6. Be3 Nbd7 7. Nge2 a6 8. Qd2
c5 9. Rd1 Qc7 10. dxc5 Nxc5 11. Nd4 Ne6 12. Be2 Nxd4 13. Bxd4 Be6 14. b3 Qa5
15. O-O Kh8 16. Kh1 Nd7 17. Bxg7+ Kxg7 18. Qb2 Kg8 19. f4 f5 20. exf5 Qxf5 21.
Bf3 Rab8 22. Qe2 Rfe8 23. g4 Qf7 24. f5 gxf5 25. gxf5 Qxf5 26. Bg4 Qxg4 27. Rg1
Ne5 28. Rxg4+ Bxg4 29. Rg1 Kh8 30. Rxg4 Nxg4 31. Qxg4 e5 32. Ne4 Rbd8 33. h4
Re7 34. h5 d5 35. cxd5 Rxd5 36. h6 Rd8 37. Qf5 Rde8 38. Qf6+ Kg8 39. Nd6 Re6
40. Qf7+ Kh8 41. Qg7# 1-0

[Event "4NCL Division 2b"]
[Site "Daventry, ENG"]
[Date "2019.01.13"]
[Round "4.85"]
[White "Bullen, Alex"]
[Black "Lee, Richard W Y"]
[Result "1/2-1/2"]
[WhiteElo "2081"]
[BlackElo "2131"]
[PlyCount "55"]
[EventDate "2019.01.13"]
[WhiteTeam "West is Best 2"]
[BlackTeam "Cambridge University 1"]

1. d4 d5 2. Nf3 Nf6 3. c4 e6 4. g3 Be7 5. Bg2 O-O 6. O-O Nbd7 7. Qc2 c6 8. Nbd2
b6 9. e4 Bb7 10. e5 Ne8 11. Re1 Rc8 12. cxd5 cxd5 13. Qa4 Bc6 14. Qd1 Bb5 15.
Nf1 a5 16. h4 Qc7 17. Bg5 Bb4 18. Bd2 Bxd2 19. N3xd2 Qc2 20. Rc1 Qxd1 21. Rexd1
Nc7 22. Rc3 Ba6 23. a4 Na8 24. Rdc1 Rxc3 25. Rxc3 Rc8 26. Rxc8+ Bxc8 27. Ne3
Ba6 28. Bf1 1/2-1/2

[Event "4NCL Division 2b"]
[Site "Daventry, ENG"]
[Date "2019.01.13"]
[Round "4.86"]
[White "Starley, Robert"]
[Black "Homer, Stephen J"]
[Result "0-1"]
[WhiteElo "2093"]
[BlackElo "2062"]
[PlyCount "100"]
[EventDate "2019.01.13"]
[WhiteTeam "Cambridge University 1"]
[BlackTeam "West is Best 2"]

1. e4 c5 2. Nf3 Nc6 3. Bb5 g6 4. O-O Bg7 5. Bxc6 dxc6 6. d3 Nf6 7. e5 Nd5 8.
Re1 O-O 9. Nc3 Nxc3 10. bxc3 c4 11. d4 Bg4 12. h3 Bxf3 13. Qxf3 Qd5 14. Qg3 e6
15. Bg5 b5 16. Bf6 a5 17. a3 Rfb8 18. Be7 Bf8 19. Bxf8 Rxf8 20. Rab1 Rab8 21.
Qe3 Rfc8 22. Red1 Qd8 23. Qe2 Qe7 24. a4 Qa3 25. Qd2 Qe7 26. Ra1 b4 27. cxb4
axb4 28. Qe2 b3 29. Qxc4 b2 30. Rab1 Rb4 31. Qa2 Rcb8 32. c3 Rb3 33. Rd2 Ra3
34. Rbxb2 Ra8 35. Qc4 R3xa4 36. Qxc6 Ra1+ 37. Kh2 Qa3 38. Qc4 Kg7 39. Rdc2 Qa7
40. Qb4 h5 41. Rb1 Ra3 42. Qc4 Qe7 43. Qc6 Qg5 44. Qf3 R8a7 45. Rb8 Ra1 46. Qc6
Qf4+ 47. g3 Qf5 48. Qe8 Rh1+ 49. Kxh1 Qxh3+ 50. Kg1 Ra1+ 0-1

[Event "4NCL Division 2b"]
[Site "Daventry, ENG"]
[Date "2019.01.13"]
[Round "4.87"]
[White "Musson, Adam J"]
[Black "Chan, Nevil"]
[Result "1/2-1/2"]
[WhiteElo "2013"]
[BlackElo "2000"]
[PlyCount "65"]
[EventDate "2019.01.13"]
[WhiteTeam "West is Best 2"]
[BlackTeam "Cambridge University 1"]

1. Nf3 b6 2. e4 Bb7 3. Nc3 e6 4. d4 Bb4 5. Bd3 Nf6 6. Bg5 h6 7. Bxf6 Bxc3+ 8.
bxc3 Qxf6 9. O-O d6 10. Qe2 Nd7 11. Bb5 c6 12. Ba6 Bxa6 13. Qxa6 Qd8 14. Nd2
O-O 15. f4 Qc8 16. Qd3 d5 17. f5 Qc7 18. e5 exf5 19. Rxf5 Rae8 20. Re1 Re6 21.
Nf3 f6 22. Rf1 Ree8 23. exf6 Nxf6 24. Ne5 Ne4 25. Rf7 Rxf7 26. Rxf7 Re7 27. Rf5
Re6 28. Qf3 Rf6 29. Rxf6 Nxf6 30. Qf5 c5 31. Qe6+ Kh7 32. Qf5+ Kg8 33. Qe6+
1/2-1/2

[Event "4NCL Division 2b"]
[Site "Daventry, ENG"]
[Date "2019.01.13"]
[Round "4.88"]
[White "York-Andersen, Anna"]
[Black "Hafstad, Leif"]
[Result "0-1"]
[WhiteElo "1778"]
[BlackElo "1878"]
[Annotator "Alan"]
[PlyCount "115"]
[EventDate "2019.01.13"]
[WhiteTeam "Cambridge University 1"]
[BlackTeam "West is Best 2"]

1. e4 e6 2. d4 d5 3. Nd2 Nf6 4. e5 Nfd7 5. Bd3 c5 6. c3 Nc6 7. Ne2 cxd4 8. cxd4
f5 9. exf6 Nxf6 10. Nf3 Qc7 11. O-O Bd6 12. Nc3 a6 13. Bd2 O-O 14. Rc1 Bd7 15.
Re1 Rfe8 16. Na4 Qb8 17. Nc5 e5 18. dxe5 Nxe5 19. Nxe5 Bxe5 20. h3 Bd4 21. Be3
Bxe3 22. Rxe3 Rxe3 23. fxe3 Bxh3 24. Qf3 Bg4 25. Qf4 Qxf4 26. exf4 Rc8 27. Nb3
Kf7 28. Re1 h6 29. Nd4 Re8 30. Rc1 Nh5 31. a3 Kf6 32. Rf1 Ng3 33. Rc1 Re7 34.
Kf2 Ne4+ 35. Kg1 h5 36. Re1 Nc5 37. Rxe7 Kxe7 38. Bc2 Ne6 39. Nf5+ Kf6 40. Nd6
b6 41. b3 Nd4 42. Bd3 Ke7 43. Nb7 a5 44. b4 axb4 45. axb4 Bc8 46. Ba6 Kd7 47.
Kf2 Nf5 48. Bd3 Kc7 49. Na5 bxa5 50. bxa5 Ne7 51. Ke3 Bf5 52. Be2 g6 53. Kd4
Kd6 54. a6 Nc6+ 55. Ke3 Kc5 56. Bd3 Be6 57. Be2 Bc8 58. Bf1 {[scoresheets
disagree]} 0-1

[Event "4NCL Division 2b"]
[Site "Telford, ENG"]
[Date "2019.02.09"]
[Round "5.51"]
[White "Franklin, Samuel G A"]
[Black "Bisby, Daniel L"]
[Result "1-0"]
[WhiteElo "2336"]
[BlackElo "2335"]
[PlyCount "167"]
[EventDate "2019.02.09"]
[WhiteTeam "Barbican 4NCL 2"]
[BlackTeam "Cambridge University 1"]

1. e4 Nf6 2. e5 Nd5 3. d4 d6 4. Nf3 dxe5 5. Nxe5 c6 6. Be2 Bf5 7. O-O Nd7 8.
Nf3 e6 9. c4 N5f6 10. Nh4 Bg6 11. Nc3 Bd6 12. g3 O-O 13. Nxg6 hxg6 14. Qb3 Qc7
15. Be3 Rfe8 16. Rac1 Rad8 17. Rfe1 a6 18. Qc2 e5 19. c5 Bf8 20. b4 exd4 21.
Bxd4 Ne5 22. Rcd1 a5 23. a3 axb4 24. axb4 Nf3+ 25. Bxf3 Rxe1+ 26. Rxe1 Rxd4 27.
Qb2 Qd7 28. Rd1 Rxd1+ 29. Nxd1 Ne4 30. Ne3 Ng5 31. Bg4 Qd3 32. h4 Ne4 33. Kg2
Nc3 34. Qb3 Be7 35. h5 Bf6 36. hxg6 Qxg6 37. Bf5 Qh5 38. Qc4 Nb5 39. Qe4 g6 40.
Bc8 Bd4 41. Bxb7 Bxe3 42. Qxe3 Qd5+ 43. Qf3 Qxf3+ 44. Kxf3 Na7 45. Ke4 Kf8 46.
Ba6 Ke7 47. f4 f6 48. g4 Kf7 49. Kd4 Ke7 50. Bd3 Kf7 51. Be4 Kg7 52. Bf3 Kf7
53. Bg2 Ke6 54. Be4 f5 55. gxf5+ gxf5 56. Bg2 Nb5+ 57. Kc4 Kd7 58. Bf3 Na7 59.
Kd4 Ke6 60. Be2 Nc8 61. Ba6 Ne7 62. Bb7 Kf6 63. Kc4 Ke6 64. b5 cxb5+ 65. Kxb5
Kd7 66. Kb6 Kd8 67. c6 Nd5+ 68. Kc5 Nc7 69. Kd6 Ne8+ 70. Ke6 Kc7 71. Kxf5 Kd6
72. Kg6 Ke7 73. f5 Kf8 74. Bc8 Nc7 75. Kf6 Ke8 76. Bd7+ Kf8 77. Ke5 Ke7 78. Be6
Ne8 79. Kd5 Nc7+ 80. Kc5 Ne8 81. Kb6 Kd6 82. Kb7 Nc7 83. Bd7 Nd5 84. f6 1-0

[Event "4NCL Division 2b"]
[Site "Telford, ENG"]
[Date "2019.02.09"]
[Round "5.52"]
[White "McClement, Andrew"]
[Black "French, Max"]
[Result "1/2-1/2"]
[WhiteElo "2226"]
[BlackElo "2176"]
[PlyCount "54"]
[EventDate "2019.02.09"]
[WhiteTeam "Cambridge University 1"]
[BlackTeam "Barbican 4NCL 2"]

1. Nf3 Nf6 2. c4 e6 3. g3 d5 4. d4 Be7 5. Bg2 O-O 6. O-O dxc4 7. Qa4 a6 8. Qxc4
b5 9. Qc2 Bb7 10. Bf4 Nc6 11. Rd1 Nb4 12. Qc1 Qc8 13. Nbd2 c5 14. dxc5 Qxc5 15.
Qxc5 Bxc5 16. Nb3 Be7 17. a3 Nbd5 18. Nfd4 Rac8 19. Na5 Ba8 20. Rac1 Nxf4 21.
gxf4 Bxg2 22. Kxg2 Nd5 23. e3 Bf6 24. Rc6 Rxc6 25. Naxc6 Rc8 26. Kf3 Kf8 27.
Ke4 Bxd4 1/2-1/2

[Event "4NCL Division 2b"]
[Site "Telford, ENG"]
[Date "2019.02.09"]
[Round "5.53"]
[White "Chapman, Terry P D"]
[Black "Bukojemski, Adam"]
[Result "0-1"]
[WhiteElo "2220"]
[BlackElo "2174"]
[PlyCount "41"]
[EventDate "2019.02.09"]
[WhiteTeam "Barbican 4NCL 2"]
[BlackTeam "Cambridge University 1"]

1. Nf3 Nf6 2. c4 g6 3. g3 Bg7 4. Bg2 O-O 5. O-O d5 6. cxd5 Nxd5 7. d4 c5 8. e4
Nf6 9. e5 Nd5 10. dxc5 Na6 11. a3 Nxc5 12. b4 Ne6 13. Qb3 Nb6 14. Bb2 Bd7 15.
Nc3 Rc8 16. Rfd1 Nc4 17. b5 Nxb2 18. Qxb2 Nc5 19. Nd5 Qe8 20. b6 a6 21. Nb4 {
Unable to read scoresheets.} 0-1

[Event "4NCL Division 2b"]
[Site "Telford, ENG"]
[Date "2019.02.09"]
[Round "5.54"]
[White "Stanisz, Patryk"]
[Black "Russell, Christopher"]
[Result "1/2-1/2"]
[WhiteElo "2146"]
[BlackElo "2182"]
[PlyCount "53"]
[EventDate "2019.02.09"]
[WhiteTeam "Cambridge University 1"]
[BlackTeam "Barbican 4NCL 2"]

1. d4 e6 2. c4 Nf6 3. Nf3 d5 4. Nc3 dxc4 5. e3 a6 6. a4 c5 7. Bxc4 Nc6 8. O-O
Be7 9. Qe2 cxd4 10. Rd1 e5 11. exd4 exd4 12. Nxd4 Nxd4 13. Qe3 O-O 14. Rxd4 Qc7
15. Nd5 Nxd5 16. Bxd5 Bf6 17. Rd1 Bg4 18. f3 Bf5 19. Qf2 Bc2 20. Bf4 Qxf4 21.
Qxc2 Rfe8 22. Bxb7 Rab8 23. Bxa6 Rxb2 24. Re1 Qd4+ 25. Kh1 Rf8 26. Qd3 Qh4 27.
Bb5 1/2-1/2

[Event "4NCL Division 2b"]
[Site "Telford, ENG"]
[Date "2019.02.09"]
[Round "5.55"]
[White "Navarro Cia, Miguel"]
[Black "Spencer, Carl J"]
[Result "1-0"]
[WhiteElo "2251"]
[BlackElo "2142"]
[PlyCount "49"]
[EventDate "2019.02.09"]
[WhiteTeam "Barbican 4NCL 2"]
[BlackTeam "Cambridge University 1"]

1. e4 e6 2. d4 d5 3. Nc3 Nf6 4. e5 Nfd7 5. Nf3 c5 6. dxc5 Nc6 7. Bf4 Bxc5 8.
Bd3 a6 9. Qe2 b5 10. O-O Be7 11. Bg3 O-O 12. Qd2 f6 13. exf6 Bxf6 14. Rae1 b4
15. Na4 Re8 16. c4 bxc3 17. Nxc3 Nc5 18. Bb1 g6 19. Ne5 Nxe5 20. Bxe5 Bxe5 21.
Rxe5 Qf6 22. f4 Bb7 23. Rd1 Rad8 24. Qd4 Ne4 25. Rxe4 1-0

[Event "4NCL Division 2b"]
[Site "Telford, ENG"]
[Date "2019.02.09"]
[Round "5.56"]
[White "Robertson, J Stuart"]
[Black "Makepeace, Philip J"]
[Result "1-0"]
[WhiteElo "2130"]
[BlackElo "2056"]
[PlyCount "53"]
[EventDate "2019.02.09"]
[WhiteTeam "Cambridge University 1"]
[BlackTeam "Barbican 4NCL 2"]

1. d4 c5 2. d5 f5 3. e4 fxe4 4. Nc3 Nf6 5. g4 h6 6. h3 d6 7. Nge2 e5 8. Ng3 Be7
9. Bg2 O-O 10. Be3 b5 11. Qd2 b4 12. Ncxe4 Nxe4 13. Bxe4 Bh4 14. Nf5 Qf6 15.
O-O-O a5 16. Rdg1 Ra7 17. g5 Bxg5 18. Bxg5 hxg5 19. Rxg5 Bxf5 20. Bxf5 Re8 21.
Rhg1 a4 22. Be6+ Rxe6 23. dxe6 Qxe6 24. Rg6 b3 25. Rxe6 bxa2 26. Re8+ Kf7 27.
Qd5+ 1-0

[Event "4NCL Division 2b"]
[Site "Telford, ENG"]
[Date "2019.02.09"]
[Round "5.57"]
[White "Hodgson, John H"]
[Black "Lee, Richard W Y"]
[Result "1/2-1/2"]
[WhiteElo "2085"]
[BlackElo "2130"]
[PlyCount "134"]
[EventDate "2019.02.09"]
[WhiteTeam "Barbican 4NCL 2"]
[BlackTeam "Cambridge University 1"]

1. e4 e6 2. d4 d5 3. Nd2 c5 4. exd5 Qxd5 5. Ngf3 cxd4 6. Bc4 Qd6 7. O-O Nf6 8.
Nb3 Nc6 9. Nbxd4 Nxd4 10. Nxd4 a6 11. Re1 Qc7 12. Bf1 Bc5 13. Nf5 O-O 14. Ne3
Rd8 15. Qe2 b6 16. Ng4 Nxg4 17. Qxg4 Rd4 18. Qe2 Bb7 19. Be3 Rh4 20. h3 Re4 21.
Qd3 Bxe3 22. Rxe3 Rxe3 23. Qxe3 Rd8 24. c3 Qc6 25. a3 h6 26. f3 Rd5 27. Re1 Qd6
28. Qf2 Kf8 29. Re4 Rd2 30. Re2 Rd1 31. Re1 Rxe1 32. Qxe1 g5 33. Qe3 a5 34. Kf2
f6 35. Qd3 Qxd3 36. Bxd3 Ke7 37. Ke3 Kd6 38. b4 h5 39. Be4 Bc8 40. Bg6 h4 41.
Bd3 Ke5 42. Bb5 Bb7 43. Bc4 Bc6 44. Bd3 f5 45. Bf1 Ba4 46. Bc4 Bd1 47. Kd2 Ba4
48. Ke3 Bc6 49. Bf1 Bd5 50. Be2 Bb7 51. Bf1 axb4 52. axb4 Bc6 53. Be2 Ba8 54.
Bf1 Bd5 55. Be2 Bb7 56. Bf1 Bc6 57. Be2 g4 58. hxg4 fxg4 59. c4 h3 60. gxh3
gxh3 61. Bf1 h2 62. Bg2 Kf5 63. c5 bxc5 64. bxc5 e5 65. Bh1 Kg5 66. Bg2 Kf5 67.
Bh1 Kg5 1/2-1/2

[Event "4NCL Division 2b"]
[Site "Telford, ENG"]
[Date "2019.02.09"]
[Round "5.58"]
[White "York-Andersen, Anna"]
[Black "Regan, Natasha K"]
[Result "0-1"]
[WhiteElo "1768"]
[BlackElo "1961"]
[PlyCount "50"]
[EventDate "2019.02.09"]
[WhiteTeam "Cambridge University 1"]
[BlackTeam "Barbican 4NCL 2"]

1. e4 e5 2. Nf3 Nc6 3. Bb5 Nge7 4. c3 g6 5. d4 exd4 6. Nxd4 Bg7 7. O-O a6 8.
Ba4 O-O 9. Be3 Ne5 10. f4 Nc4 11. Bc1 c5 12. Ne2 d5 13. Bc2 dxe4 14. Bxe4 Bg4
15. Qc2 Nf5 16. Re1 Qh4 17. g3 Qh5 18. Qd3 Ncd6 19. Bg2 Rfe8 20. Kf2 Qxh2 21.
Kf1 Bxe2+ 22. Rxe2 Rxe2 23. Kxe2 Qxg2+ 24. Kd1 Ne4 25. Be3 Qf3+ 0-1

[Event "4NCL Division 2b"]
[Site "Telford, ENG"]
[Date "2019.02.09"]
[Round "5.61"]
[White "Grieve, Harry"]
[Black "Bremner, Adam"]
[Result "1/2-1/2"]
[WhiteElo "2258"]
[BlackElo "2194"]
[PlyCount "28"]
[EventDate "2019.02.09"]
[WhiteTeam "Guildford 3"]
[BlackTeam "Grantham Sharks 2"]

1. d4 d5 2. Bg5 f6 3. Bh4 Nh6 4. e3 Nf5 5. Bg3 h5 6. Be2 h4 7. Bh5+ Kd7 8. Bf4
g5 9. e4 dxe4 10. d5 gxf4 11. Bg4 Ke8 12. Bh5+ Kd7 13. Bg4 Ke8 14. Bh5+ Kd7
1/2-1/2

[Event "4NCL Division 2b"]
[Site "Telford, ENG"]
[Date "2019.02.09"]
[Round "5.62"]
[White "Dong, Bao Nghia"]
[Black "Emerson, Roger"]
[Result "1-0"]
[WhiteElo "2170"]
[BlackElo "2175"]
[PlyCount "93"]
[EventDate "2019.02.09"]
[WhiteTeam "Grantham Sharks 2"]
[BlackTeam "Guildford 3"]

1. d4 d5 2. c4 e6 3. Nc3 Bb4 4. Nf3 Nf6 5. Bg5 dxc4 6. e4 b5 7. e5 h6 8. exf6
hxg5 9. fxg7 Rg8 10. h4 gxh4 11. Rxh4 Qf6 12. a4 Nd7 13. axb5 Bb7 14. Be2 Nb6
15. g3 Nd5 16. Qc2 O-O-O 17. Ne5 Rxg7 18. Rxa7 Nb6 19. Rxb7 Kxb7 20. Bf3+ Rd5
21. Rf4 Qd8 22. Nxf7 Qg8 23. Nh6 Qh8 24. Rh4 Qa8 25. Ke2 Bxc3 26. bxc3 Qa5 27.
Ng4 Ka7 28. Ne5 Qxb5 29. Bxd5 Qxd5 30. Rh7 Rxh7 31. Qxh7 Kb7 32. g4 Qg2 33. Qb1
Kc8 34. Qa2 Kd8 35. g5 Qe4+ 36. Kd1 Nd7 37. f3 Qb7 38. Ke2 Nxe5 39. dxe5 Qb5
40. f4 Ke8 41. Qc2 Kf8 42. Kf3 Qb3 43. Qd2 Qb7+ 44. Kg4 Qc6 45. Qh2 Kg7 46. Qh5
Kg8 47. g6 1-0

[Event "4NCL Division 2b"]
[Site "Telford, ENG"]
[Date "2019.02.09"]
[Round "5.63"]
[White "Stoyanov, Viktor"]
[Black "Munshi, Aditya"]
[Result "1/2-1/2"]
[WhiteElo "2205"]
[BlackElo "2108"]
[PlyCount "109"]
[EventDate "2019.02.09"]
[WhiteTeam "Guildford 3"]
[BlackTeam "Grantham Sharks 2"]

1. d4 Nf6 2. c4 e6 3. Nc3 Bb4 4. Nf3 c5 5. e3 O-O 6. Bd3 d5 7. O-O cxd4 8. exd4
dxc4 9. Bxc4 b6 10. Bg5 Bb7 11. Re1 Nc6 12. Bb3 h6 13. Bh4 Be7 14. a3 Nh5 15.
Bg3 Nxg3 16. hxg3 Bf6 17. d5 exd5 18. Bxd5 Na5 19. Bxb7 Nxb7 20. Ne5 Re8 21.
Qxd8 Rexd8 22. Nc6 Rd6 23. Ne7+ Kf8 24. Ned5 Bxc3 25. Nxc3 Rd2 26. b4 Rd3 27.
Ne2 g5 28. g4 Re8 29. Kf1 Rc8 30. Red1 Rxd1+ 31. Rxd1 Rd8 32. Rxd8+ Nxd8 33.
Nd4 f6 34. Ke2 Ke8 35. Ke3 Nf7 36. Ke4 Nd6+ 37. Kd5 Kd7 38. f3 a6 39. a4 Nf7
40. Nf5 Ne5 41. Nxh6 Nd3 42. Kc4 Ne1 43. Nf5 Nxg2 44. a5 bxa5 45. bxa5 Kc6 46.
Ne7+ Kd6 47. Nd5 Nh4 48. Nxf6 Nxf3 49. Ne4+ Kc6 50. Nc5 Ne5+ 51. Kd4 Nxg4 52.
Nxa6 Kb5 53. Nc7+ Kxa5 54. Ne6 Kb4 55. Nxg5 1/2-1/2

[Event "4NCL Division 2b"]
[Site "Telford, ENG"]
[Date "2019.02.09"]
[Round "5.64"]
[White "Birtwistle, Nigel"]
[Black "Granat, Russell G"]
[Result "0-1"]
[WhiteElo "2145"]
[BlackElo "2202"]
[PlyCount "140"]
[EventDate "2019.02.09"]
[WhiteTeam "Grantham Sharks 2"]
[BlackTeam "Guildford 3"]

1. Nf3 d5 2. c4 c6 3. g3 Nf6 4. Bg2 Nbd7 5. d4 e6 6. O-O Ne4 7. Nc3 f5 8. Nxe4
fxe4 9. Ng5 Nf6 10. f3 h6 11. Nh3 dxc4 12. Bf4 Bd6 13. Be5 Bxe5 14. dxe5 Qxd1
15. Raxd1 Nd5 16. Rd4 c3 17. b3 b5 18. Rc1 c5 19. Rxd5 exd5 20. Rxc3 c4 21.
fxe4 d4 22. Rc1 Bg4 23. bxc4 Rc8 24. c5 Bxe2 25. Nf4 Bc4 26. Bh3 Rxc5 27. Ng6
Rf8 28. Nxf8 Kxf8 29. Rd1 d3 30. Bf1 Rxe5 31. Bxd3 Bxd3 32. Rxd3 Rxe4 33. Rd5
a6 34. Kf2 Ra4 35. Rd2 Ke7 36. Ke2 h5 37. h4 Ra3 38. Kf2 g6 39. Kg2 a5 40. Kh3
b4 41. Kg2 Rc3 42. Kh3 Rc4 43. Rd5 a4 44. Ra5 a3 45. Rb5 Kd7 46. Rb6 Rg4 47.
Kg2 Kc7 48. Rf6 Kb7 49. Re6 Rc4 50. Kf3 Rc6 51. Re4 Rb6 52. Kf4 Ka6 53. Kg5 Kb5
54. g4 hxg4 55. Rxg4 b3 56. axb3 a2 57. Ra4 Ra6 58. Rxa2 Rxa2 59. Kxg6 Rg2+ 60.
Kf6 Kc6 61. h5 Kd7 62. h6 Rf2+ 63. Kg6 Ke7 64. h7 Rg2+ 65. Kh6 Kf7 66. h8=N+
Kf6 67. Kh7 Rg7+ 68. Kh6 Rg3 69. Kh7 Rxb3 70. Kg8 Rb7 0-1

[Event "4NCL Division 2b"]
[Site "Telford, ENG"]
[Date "2019.02.09"]
[Round "5.65"]
[White "Osborne, Marcus E"]
[Black "Murphy, Hugh W"]
[Result "1-0"]
[WhiteElo "2142"]
[BlackElo "2123"]
[PlyCount "87"]
[EventDate "2019.02.09"]
[WhiteTeam "Guildford 3"]
[BlackTeam "Grantham Sharks 2"]

1. d4 d5 2. Nf3 Nf6 3. c4 e6 4. Nc3 Be7 5. Bg5 O-O 6. e3 Nbd7 7. Rc1 a6 8. cxd5
exd5 9. Bd3 c6 10. Qc2 Re8 11. O-O Nf8 12. Rce1 Be6 13. Ne5 Rc8 14. f4 Rc7 15.
Qf2 Ng4 16. Bxe7 Qxe7 17. Nxg4 Bxg4 18. f5 Bh5 19. e4 dxe4 20. Rxe4 Qd8 21. Qh4
Qxh4 22. Rxh4 Re3 23. Be4 Be2 24. Re1 Re7 25. Kf2 Rxc3 26. bxc3 Bc4 27. f6 gxf6
28. Bxh7+ Nxh7 29. Rxe7 b5 30. Rg4+ Kf8 31. Ra7 Bxa2 32. Rxa6 Bd5 33. h4 f5 34.
Ra8+ Ke7 35. Rg7 Nf6 36. Ke3 Nh5 37. Rg5 f4+ 38. Kf2 Nf6 39. Re5+ Kd6 40. Rd8+
Kc7 41. Rdxd5 cxd5 42. h5 Kd6 43. Kf3 Nh7 44. Kxf4 1-0

[Event "4NCL Division 2b"]
[Site "Telford, ENG"]
[Date "2019.02.09"]
[Round "5.66"]
[White "Cumbers, Paul"]
[Black "Punnett, Alan K"]
[Result "1-0"]
[WhiteElo "2137"]
[BlackElo "1991"]
[PlyCount "83"]
[EventDate "2019.02.09"]
[WhiteTeam "Grantham Sharks 2"]
[BlackTeam "Guildford 3"]

1. e4 e6 2. d4 d5 3. e5 c5 4. c3 Nc6 5. Nf3 Bd7 6. Be2 f6 7. O-O Qc7 8. Bf4 Qb6
9. Qd2 fxe5 10. dxe5 Nge7 11. Na3 Ng6 12. Bg3 Be7 13. h4 O-O 14. h5 Nh8 15. Nc4
Qd8 16. Ne3 Nf7 17. Bd3 Nh6 18. Qc2 Nf5 19. Bxf5 exf5 20. Nxd5 Be6 21. Nxe7+
Qxe7 22. Bh4 Qe8 23. h6 gxh6 24. Rad1 Qf7 25. Rd6 Bd5 26. Rxd5 Qxd5 27. Rd1 Qc4
28. Bf6 Rae8 29. Qxf5 Qe6 30. Qh5 Qf7 31. Qg4+ Qg6 32. Qc4+ Qf7 33. Qg4+ Qg6
34. Qc4+ Qf7 35. Qxc5 Qxa2 36. Nh4 Qb3 37. Rd3 Re6 38. Rg3+ Kf7 39. Rf3 Ke8 40.
Nf5 b6 41. Ng7+ Kf7 42. Bh4+ 1-0

[Event "4NCL Division 2b"]
[Site "Telford, ENG"]
[Date "2019.02.09"]
[Round "5.67"]
[White "Shepley, Julien M"]
[Black "Varnam, Liam D"]
[Result "0-1"]
[WhiteElo "1929"]
[BlackElo "2101"]
[PlyCount "62"]
[EventDate "2019.02.09"]
[WhiteTeam "Guildford 3"]
[BlackTeam "Grantham Sharks 2"]

1. e4 c5 2. Nf3 Nc6 3. d4 cxd4 4. Nxd4 Nf6 5. Nc3 e5 6. Ndb5 d6 7. Nd5 Nxd5 8.
exd5 Nb8 9. c4 a6 10. Nc3 Be7 11. Be2 O-O 12. O-O f5 13. b4 a5 14. bxa5 Qxa5
15. Bd2 Qd8 16. Qb3 Nd7 17. Na4 Nc5 18. Nxc5 dxc5 19. Bc3 Bd6 20. Qb2 Qc7 21.
a4 e4 22. h3 Ra6 23. Rfb1 Qe7 24. a5 f4 25. Ra3 f3 26. Bf1 Qg5 27. Bd2 Qg6 28.
Qc1 Bxh3 29. g3 Bxf1 30. Qxf1 Bxg3 31. fxg3 Qxg3+ 0-1

[Event "4NCL Division 2b"]
[Site "Telford, ENG"]
[Date "2019.02.09"]
[Round "5.68"]
[White "Milson, Samuel A"]
[Black "Stimpson, Philip M"]
[Result "0-1"]
[WhiteElo "2126"]
[BlackElo "1894"]
[PlyCount "106"]
[EventDate "2019.02.09"]
[WhiteTeam "Grantham Sharks 2"]
[BlackTeam "Guildford 3"]

1. e4 e5 2. Nf3 Nc6 3. Bb5 a6 4. Ba4 Nf6 5. O-O Be7 6. Re1 b5 7. Bb3 d6 8. c3
O-O 9. h3 Na5 10. Bc2 d5 11. d4 dxe4 12. Nxe5 c5 13. dxc5 Qc7 14. Ng4 Bxg4 15.
hxg4 Bxc5 16. b4 Bxf2+ 17. Kxf2 Qh2 18. Rxe4 Nxe4+ 19. Bxe4 Qh4+ 20. g3 Qh2+
21. Bg2 Rad8 22. Qc2 Nc4 23. Bf4 Rfe8 24. a4 Ne3 25. Bxe3 Rxe3 26. Kxe3 Qxg3+
27. Bf3 Re8+ 28. Qe4 Qe1+ 29. Kd3 Rxe4 30. Bxe4 Qd1+ 31. Ke3 bxa4 32. Ra2 Qxg4
33. Rxa4 Qe6 34. Ra5 g6 35. Kf3 h5 36. Rc5 Qg4+ 37. Ke3 Qg1+ 38. Ke2 Qg4+ 39.
Bf3 Qe6+ 40. Kf1 Qe3 41. Kg2 Qc1 42. Be4 Kg7 43. Rc6 Qf4 44. Bf3 Qc1 45. Rxa6
Qxb1 46. Rc6 Qe1 47. Rc5 h4 48. Bb7 Qg3+ 49. Kh1 f5 50. Rc8 f4 51. Rc7+ Kh6 52.
Rf7 Qxc3 53. Bg2 h3 0-1